Beyond the rural-urban divide (Record no. 1462922)

MARC details
000 -LEADER
fixed length control field 00510nam a2200205Ia 4500
005 - DATE AND TIME OF LATEST TRANSACTION
control field 20250923150404.0
008 - FIXED-LENGTH DATA ELEMENTS--GENERAL INFORMATION
fixed length control field 008 250917s9999 xx 000 0 eng d
037 ## - SOURCE OF ACQUISITION
Stock number Textual
040 ## - CATALOGING SOURCE
Original cataloging agency DSWL
Language of cataloging eng
Transcribing agency DSWL
041 ## - LANGUAGE CODE
Language code of text/sound track or separate title eng
Source of code eng
084 ## - COLON CLASSIFICATION NUMBER
Assigning agency DSWL
100 ## - MAIN ENTRY--PERSONAL NAME
Personal name Andersoon, Kjell
9 (RLIN) 845418
245 #0 - TITLE STATEMENT
Title Beyond the rural-urban divide
Statement of responsibility, etc. by Kjell Andersoon
260 ## - PUBLICATION, DISTRIBUTION, ETC.
Place of publication, distribution, etc. UK
Name of publisher, distributor, etc. Emerald Jai
Date of publication, distribution, etc. 2009
300 ## - PHYSICAL DESCRIPTION
Extent 350 p.
365 ## - TRADE PRICE
Price type code INR
490 ## - SERIES STATEMENT
Series statement V14
942 ## - ADDED ENTRY ELEMENTS (KOHA)
Koha item type Textual
Holdings
Withdrawn status Lost status Damaged status Not for loan Home library Current library Date acquired Source of acquisition Total Checkouts Barcode Date last seen Price effective from Koha item type
        Department of Social Work Library Department of Social Work Library 2025-09-23 India Book Service   SW0032844 2025-09-23 2025-09-23 Textual
Copyright @ Delhi University Library System